000 00431nam a2200217Ia 4500
003 IT-RoPAU
008 120407s9999 xx 000 0 und d
040 _aIT-RoPAU
040 _cIT-RoPAU
041 _aita
100 _aJacques Duquesne
245 _aLes prètres.
250 _aParis
260 _aGrasset
260 _c1965
300 _a310 p.
300 _c21 cm
490 _v1
942 _cBK
999 _c32191
_d32191